000 00887nam a2200229 a 4500
005 20150514113523.0
010 _aB-470160-180
020 _a9788129116208
_c195.00
035 _aB-470160-180
035 _aG-003641
037 _bBlue Berry/Ven
037 _bReceived from DB Act Children Books
082 _a954.13
245 _aOnce upon a time in the Doon...:
_cedited by Ruskin Bond
_bwritings from the Green Valley /
260 _aNew Delhi
_bRupa Publications
_c2011
270 _a7/16, Ansari Road, Daryaganj
_bNew Delhi
_e110002
300 _axiii, 220p.
_c21cm(pbk)
_bill.
700 _aBond, Ruskin
_938302
856 _3Table of contents
_uhttp://www.loc.gov/catdir/toc/ecip0516/2005020735.html
942 _2ddc
_cCH
_mONC
_h954.13
999 _c60333
_d60333